000 01337nam a22002297a 4500
999 _c62338
_d62338
003 Ge_BSU
005 20241008103143.0
008 241008s1965 ge ||||| |||| 00| 0 geo d
041 _ageo
080 _a811.353'342 მ-43
100 _aმაჭავარიანი, გ.
_94441
245 _aსაერთო-ქართველური კონსონანტური სისტემა :
_b[მონოგრაფია] /
_cგ. მაჭავარიანი; რედ. გ. ახვლედიანი.
264 _aთბ. :
_bთბილ. უნ-ტის გამ-ბა,
_c1965.
300 _a135 გვ. ;
_b 21 სმ.
500 _aშემოკლებატა განმარტება გვ. 118 სიტყვათა საძიებელი გვ. 119-134
501 _aპარალ. სათ. რუს. ენაზე
653 _aსაერთო-ქართველური ენის კონსონანტური სისტემა
700 _aახვლედიანი, გ.
_eრედაქტორი
_92910
773 _tნაჩუქარი
856 _uhttps://dspace.nplg.gov.ge/bitstream/1234/449305/1/Saerto_Qartveluri_Konsonanturi_Sistema_1965.pdf
_yელ. ვერსია
942 _2udc
_cᲬᲘᲒᲜᲘ